| 000 | 00429nam a22001457a 4500 | ||
|---|---|---|---|
| 020 | _a0-309-03313-6 | ||
| 082 |
_a625.8 _bNAT _cD |
||
| 100 |
_aN.A.S. _943773 |
||
| 245 | _aPavement roughness and skid properties Transportation research record No. 836 | ||
| 260 |
_aThe World Bank _bWashington D.C |
||
| 300 |
_aiv, 86 p. : _bill. : _c10 Cm |
||
| 526 |
_a0 _b0 _c0 _d625_800000000000000_NAT |
||
| 650 |
_aMCE _9379 |
||
| 942 |
_2ddc _cBK |
||
| 999 |
_c547622 _d547622 |
||